The Use of Ecological Taxes to Promote the Circular Economy in Slovakia

Prezentovanie ekologických daní, uplatňovaných na Slovensku, posúdenie vzájomného vzťahu daňovej a environmentálnej politiky, prezentovanie príjmov z ekologických daní v rozpočte, ako aj použitie týchto daní na podporu trvalo udržateľného rozvoja, či obehového hospodárstva. Porovnanie výšky príjmov...

Celý popis

Uložené v:
Podrobná bibliografia
Hlavný autor: Ďurinová, Ivona, 1964-
Médium: Kapitola
Jazyk:English
Predmet:
Tagy: Pridať tag
Žiadne tagy, Buďte prvý, kto otaguje tento záznam!

MARC

LEADER 00000naa$a2200000$$$4500
001 0306530
005 20250127080316.4
041 0 |a eng 
044 |a CZ 
245 1 0 |a The Use of Ecological Taxes to Promote the Circular Economy in Slovakia  |c Ivona Ďurinová 
520 |a Prezentovanie ekologických daní, uplatňovaných na Slovensku, posúdenie vzájomného vzťahu daňovej a environmentálnej politiky, prezentovanie príjmov z ekologických daní v rozpočte, ako aj použitie týchto daní na podporu trvalo udržateľného rozvoja, či obehového hospodárstva. Porovnanie výšky príjmov z rôznych druhov ekologických daní a ich podiel na HDP. 
610 2 0 |a dane 
610 2 0 |a dane ekologické 
610 2 0 |a hospodárstvo obehové 
610 2 0 |a ekonomika 
610 2 0 |a ekonomika ekologická 
610 2 0 |a ekonomika environmentálna 
610 2 0 |a politika daňová 
610 2 0 |a politika energetická 
610 2 0 |a politika environmentálna 
610 2 0 |a príjmy 
100 1 |a Ďurinová, Ivona, 1964-